<?xml version="1.0" encoding="UTF-8"?>
<collection xmlns="http://www.loc.gov/MARC21/slim">
 <record>
  <leader>02870cam a2200577   4500</leader>
  <controlfield tag="001">1035856743</controlfield>
  <controlfield tag="003">DE-627</controlfield>
  <controlfield tag="005">20230130115133.0</controlfield>
  <controlfield tag="007">tu</controlfield>
  <controlfield tag="008">181106s2018    fr |||||      00| ||fre c</controlfield>
  <datafield tag="020" ind1=" " ind2=" ">
   <subfield code="a">9782708410381</subfield>
   <subfield code="c">79,00 EUR</subfield>
   <subfield code="9">978-2-7084-1038-1</subfield>
  </datafield>
  <datafield tag="035" ind1=" " ind2=" ">
   <subfield code="a">(DE-627)1035856743</subfield>
  </datafield>
  <datafield tag="035" ind1=" " ind2=" ">
   <subfield code="a">(DE-576)512600414</subfield>
  </datafield>
  <datafield tag="035" ind1=" " ind2=" ">
   <subfield code="a">(DE-599)BVBBV045207230</subfield>
  </datafield>
  <datafield tag="035" ind1=" " ind2=" ">
   <subfield code="a">(OCoLC)1054396553</subfield>
  </datafield>
  <datafield tag="035" ind1=" " ind2=" ">
   <subfield code="a">(OCoLC)1054396553</subfield>
  </datafield>
  <datafield tag="035" ind1=" " ind2=" ">
   <subfield code="a">(DE-604)BV045207230</subfield>
  </datafield>
  <datafield tag="035" ind1=" " ind2=" ">
   <subfield code="a">(ZDB-21-EIL)4433171</subfield>
  </datafield>
  <datafield tag="040" ind1=" " ind2=" ">
   <subfield code="a">DE-627</subfield>
   <subfield code="b">ger</subfield>
   <subfield code="c">DE-627</subfield>
   <subfield code="e">rda</subfield>
  </datafield>
  <datafield tag="041" ind1=" " ind2=" ">
   <subfield code="a">fre</subfield>
  </datafield>
  <datafield tag="044" ind1=" " ind2=" ">
   <subfield code="c">XA-FR</subfield>
  </datafield>
  <datafield tag="050" ind1=" " ind2="0">
   <subfield code="a">D</subfield>
  </datafield>
  <datafield tag="082" ind1="0" ind2=" ">
   <subfield code="a">930</subfield>
   <subfield code="q">BVB</subfield>
  </datafield>
  <datafield tag="082" ind1="0" ind2=" ">
   <subfield code="a">935</subfield>
  </datafield>
  <datafield tag="084" ind1=" " ind2=" ">
   <subfield code="a">NG 4000</subfield>
   <subfield code="2">rvk</subfield>
   <subfield code="0">(DE-625)rvk/125432:13122</subfield>
  </datafield>
  <datafield tag="084" ind1=" " ind2=" ">
   <subfield code="a">NG 4010</subfield>
   <subfield code="2">rvk</subfield>
   <subfield code="0">(DE-625)rvk/125432:13123</subfield>
  </datafield>
  <datafield tag="100" ind1="1" ind2=" ">
   <subfield code="a">Butterlin, Pascal</subfield>
   <subfield code="d">1968-</subfield>
   <subfield code="e">VerfasserIn</subfield>
   <subfield code="0">(DE-588)1182249183</subfield>
   <subfield code="0">(DE-627)1662582633</subfield>
   <subfield code="4">aut</subfield>
  </datafield>
  <datafield tag="245" ind1="1" ind2="0">
   <subfield code="a">Architecture et société au Proche-Orient ancien</subfield>
   <subfield code="b">les bâtisseurs de mémoire en Mésopotamie (7000-3000 av. J.-C.)</subfield>
   <subfield code="c">Pascal Butterlin</subfield>
  </datafield>
  <datafield tag="264" ind1=" " ind2="1">
   <subfield code="a">Paris</subfield>
   <subfield code="b">Éditions Picard</subfield>
   <subfield code="c">[2018]</subfield>
  </datafield>
  <datafield tag="264" ind1=" " ind2="4">
   <subfield code="c">© 2018</subfield>
  </datafield>
  <datafield tag="300" ind1=" " ind2=" ">
   <subfield code="a">512 Seiten</subfield>
   <subfield code="b">Illustrationen, Diagramme, Karten, Pläne</subfield>
   <subfield code="c">28 cm</subfield>
  </datafield>
  <datafield tag="336" ind1=" " ind2=" ">
   <subfield code="a">Text</subfield>
   <subfield code="b">txt</subfield>
   <subfield code="2">rdacontent</subfield>
  </datafield>
  <datafield tag="337" ind1=" " ind2=" ">
   <subfield code="a">ohne Hilfsmittel zu benutzen</subfield>
   <subfield code="b">n</subfield>
   <subfield code="2">rdamedia</subfield>
  </datafield>
  <datafield tag="338" ind1=" " ind2=" ">
   <subfield code="a">Band</subfield>
   <subfield code="b">nc</subfield>
   <subfield code="2">rdacarrier</subfield>
  </datafield>
  <datafield tag="490" ind1="0" ind2=" ">
   <subfield code="a">Les manuels d'art et d'archéologie antiques</subfield>
  </datafield>
  <datafield tag="500" ind1=" " ind2=" ">
   <subfield code="a">Includes bibliographical references and index</subfield>
  </datafield>
  <datafield tag="689" ind1="0" ind2="0">
   <subfield code="d">g</subfield>
   <subfield code="0">(DE-588)4038788-4</subfield>
   <subfield code="0">(DE-627)106230603</subfield>
   <subfield code="0">(DE-576)20903209X</subfield>
   <subfield code="a">Mesopotamien</subfield>
   <subfield code="2">gnd</subfield>
  </datafield>
  <datafield tag="689" ind1="0" ind2="1">
   <subfield code="d">s</subfield>
   <subfield code="0">(DE-588)4318539-3</subfield>
   <subfield code="0">(DE-627)127418636</subfield>
   <subfield code="0">(DE-576)211202355</subfield>
   <subfield code="a">Sozioökonomischer Wandel</subfield>
   <subfield code="2">gnd</subfield>
  </datafield>
  <datafield tag="689" ind1="0" ind2="2">
   <subfield code="d">s</subfield>
   <subfield code="0">(DE-588)4063234-9</subfield>
   <subfield code="0">(DE-627)106128698</subfield>
   <subfield code="0">(DE-576)20914789X</subfield>
   <subfield code="a">Verstädterung</subfield>
   <subfield code="2">gnd</subfield>
  </datafield>
  <datafield tag="689" ind1="0" ind2="3">
   <subfield code="d">s</subfield>
   <subfield code="0">(DE-588)4002851-3</subfield>
   <subfield code="0">(DE-627)104280352</subfield>
   <subfield code="0">(DE-576)208848975</subfield>
   <subfield code="a">Architektur</subfield>
   <subfield code="2">gnd</subfield>
  </datafield>
  <datafield tag="689" ind1="0" ind2=" ">
   <subfield code="5">DE-101</subfield>
  </datafield>
  <datafield tag="787" ind1="0" ind2="8">
   <subfield code="i">Rezensiert in</subfield>
   <subfield code="a">Breniquet, Catherine</subfield>
   <subfield code="t">[Rezension von: Pascal Butterlin, Architecture et société au Proche-Orient ancien]</subfield>
   <subfield code="d">2018</subfield>
   <subfield code="w">(DE-627)1804454710</subfield>
  </datafield>
  <datafield tag="936" ind1="r" ind2="v">
   <subfield code="a">NG 4000</subfield>
   <subfield code="b">Allgemeines</subfield>
   <subfield code="k">Alte Geschichte</subfield>
   <subfield code="k">Geschichte und Kultur des alten Orients und der Mittelmeervölker (ohne Griechen und Römer)</subfield>
   <subfield code="k">Einzelne Reiche und Völker</subfield>
   <subfield code="k">Irak (Mesopotamien mit Umland; Sumer, Akkad, Babylon und Assur)</subfield>
   <subfield code="k">Allgemeines</subfield>
   <subfield code="0">(DE-627)1271452596</subfield>
   <subfield code="0">(DE-625)rvk/125432:13122</subfield>
   <subfield code="0">(DE-576)201452596</subfield>
  </datafield>
  <datafield tag="936" ind1="r" ind2="v">
   <subfield code="a">NG 4010</subfield>
   <subfield code="b">Kunst und Architektur</subfield>
   <subfield code="k">Alte Geschichte</subfield>
   <subfield code="k">Geschichte und Kultur des alten Orients und der Mittelmeervölker (ohne Griechen und Römer)</subfield>
   <subfield code="k">Einzelne Reiche und Völker</subfield>
   <subfield code="k">Irak (Mesopotamien mit Umland; Sumer, Akkad, Babylon und Assur)</subfield>
   <subfield code="k">Kunst und Architektur</subfield>
   <subfield code="0">(DE-627)1399019120</subfield>
   <subfield code="0">(DE-625)rvk/125432:13123</subfield>
   <subfield code="0">(DE-576)329019120</subfield>
  </datafield>
  <datafield tag="951" ind1=" " ind2=" ">
   <subfield code="a">BO</subfield>
  </datafield>
  <datafield tag="990" ind1=" " ind2=" ">
   <subfield code="a">Mesopotamien</subfield>
  </datafield>
  <datafield tag="990" ind1=" " ind2=" ">
   <subfield code="a">Sozioökonomischer Wandel</subfield>
  </datafield>
  <datafield tag="990" ind1=" " ind2=" ">
   <subfield code="a">Verstädterung</subfield>
  </datafield>
  <datafield tag="990" ind1=" " ind2=" ">
   <subfield code="a">Architektur</subfield>
  </datafield>
  <datafield tag="991" ind1=" " ind2=" ">
   <subfield code="a">Rezensiertes Werk</subfield>
  </datafield>
  <datafield tag="999" ind1=" " ind2=" ">
   <subfield code="a">KXP-PPN1035856743</subfield>
   <subfield code="e">4153368091</subfield>
  </datafield>
 </record>
</collection>
